| 000 | 00837nam a2200277 a 4500 | ||
|---|---|---|---|
| 999 |
_c9068 _d9068 |
||
| 001 | 9068 | ||
| 003 | BD-JhCC | ||
| 005 | 20180308110815.0 | ||
| 008 | 180308s1988 enkach 001 0beng d | ||
| 020 | _a0091739381 | ||
| 035 | _a(BD-JhCC)9068 | ||
| 040 |
_aBD-JhCC _dBD-JhCC |
||
| 041 | _aeng | ||
| 050 | 0 | _aPR5906 | |
| 050 | 0 | 0 |
_aPR5906 _b.J419 1988 |
| 082 |
_a821/.8 _219 _bJEF 1962 |
||
| 100 | 1 |
_aJeffares, A. Norman _q(Alexander Norman), _d1920-2005 |
|
| 245 | 1 | 0 |
_aW.B. Yeats : _ba new biography / _cA. Norman Jeffares |
| 260 |
_aLondon : _bHutchinson, _c1988 |
||
| 300 |
_ax, 365p. : _bill., ports., facsims. ; _c21 cm |
||
| 504 | _aBibliography: p365-369. - Includes index | ||
| 600 | 1 | 0 |
_aYeats, W. B. _q(William Butler), _d1865-1939. |
| 650 | 0 |
_aAuthors, Irish _y20th century _vBiography |
|
| 942 |
_2ddc _cBK |
||